Decentralization, local governance, and localizing the sustainable development goals in Asia and the Pacific / edited by Bruno Carrasco, Hanif A. Rahemtulla, and Rainer Rohdewohld, author. (Record no. 22259)

000 -LEADER
fixed length control field 02149nam a22001817a 4500
020 ## - INTERNATIONAL STANDARD BOOK NUMBER
ISBN 9781003282297
082 ## - DEWEY DECIMAL CLASSIFICATION NUMBER
Classification number 352.14095
Item number D292
245 ## - TITLE STATEMENT
Title Decentralization, local governance, and localizing the sustainable development goals in Asia and the Pacific / edited by Bruno Carrasco, Hanif A. Rahemtulla, and Rainer Rohdewohld, author.
260 ## - PUBLICATION, DISTRIBUTION, ETC. (IMPRINT)
Place of publication Milton Park, Abingdon, Oxon ; New York, NY :
Name of publisher Asian Development Bank
Year of publication ©2023
300 ## - PHYSICAL DESCRIPTION
Number of Pages 1 online resources, xxvi, 380 pages :
Other physical details illustrations (some color).
500 ## - GENERAL NOTE
General note Includes bibliographical references and index.
520 ## - SUMMARY, ETC.
Summary, etc "Since its adoption in 2015, the 2030 Agenda on Sustainable Development has shaped not only international development cooperation but also the design of national trajectories for social and economic development. In tandem with other global agendas adopted that year (such as the Paris Agreement on Climate Change and UN Habitat's New Urban Agenda) it remains the global and regional blueprint for sustainable development despite the COVID-19 pandemic. The term "localizing the Sustainable Development Goals (SDGs)" has been used to capture the importance of subnational governments for achieving national SDG agendas. However, there is little deeper analysis of the required nexus between fiscal, political, and legal arrangements for subnational governments; their involvement in national policy arenas (which discuss and decide on national SDG strategies); and the need for locally disaggregated data systems on the one hand, and effective SDG localization strategies on the other hand. It is this aspect which the publication explores in greater detail by using country examples and conceptual analyses. The text will be of interest to policy-makers, scholars, students and practitioners in public policy and public administration, decentralization, and sustainable development, with a focus on the Asia and Pacific region" -- Provided by publisher
650 ## - SUBJECT ADDED ENTRY--TOPICAL TERM
Topical Term Sustainable development -- Asia
650 ## - SUBJECT ADDED ENTRY--TOPICAL TERM
Topical Term Sustainable development -- Pacific Area
700 ## - ADDED ENTRY--PERSONAL NAME
Personal name Rahemtulla, Hanif A., editor.
700 ## - ADDED ENTRY--PERSONAL NAME
Personal name Rohdewohld, Rainer, editor.
942 ## - ADDED ENTRY ELEMENTS (KOHA)
Koha item type Electronic Books
Holdings
Source of acquisition Permanent Location Date acquired Collection code Koha item type Lost status Shelving location Withdrawn status Current Location Full call number
DonationCagayan State University - Carig Library2026-04-14E-BooksElectronic Books E-Resource Section Cagayan State University - Carig Library352.14095 D292

Cagayan State University University Library, Carig Campus
Tuguegarao City, Cagayan 3500 | www.csucarig.edu.ph

Powered by Koha